Botticelli

Đã lưu trong:
Sonraí Bibleagrafaíochta
Príomhúdar: Fred Bérence
Formáid: Leabhar
Teanga:Undetermined
Foilsithe: Paris Larousse 1960
Ábhair:
Clibeanna: Cuir Clib Leis
Gan Chlibeanna, Bí ar an gcéad duine leis an taifead seo a chlibeáil!
Thư viện lưu trữ: Trung tâm Học liệu Trường Đại học Cần Thơ
LEADER 00456nam a2200181Ia 4500
001 CTU_26653
008 210402s9999 xx 000 0 und d
082 |a 755 
082 |b B488 
100 |a Fred Bérence 
245 0 |a Botticelli 
245 0 |c Fred Bérence 
260 |a Paris 
260 |b Larousse 
260 |c 1960 
650 |a bottocelli,painting, italian 
904 |i Minh, 981016 
980 |a Trung tâm Học liệu Trường Đại học Cần Thơ